[Event "Oslo Sveins op 7th"]
[Site "Oslo"]
[Date "2014.06.20"]
[Round "3"]
[White "Greibrokk, Ingrid Andrea"]
[Black "Hertz, Matthew F"]
[Result "0-1"]
[WhiteElo "1689"]
[BlackElo "1561"]
[PlyCount "46"]
[EventDate "2014.06.20"]
[EventType "swiss"]
[EventRounds "9"]
[EventCountry "NOR"]
[SourceTitle "EXT 2015"]
[Source "ChessBase"]
[SourceDate "2014.11.20"]
[SourceVersion "1"]
[SourceVersionDate "2014.11.20"]
[SourceQuality "1"]

1. e4 e5 2. Nf3 Nc6 3. Bb5 a6 4. Ba4 d6 5. 0-0 Nf6 6. Re1 Be7 7. c3 Bg4 8. h3 Bh5 9. d3 b5 10. Bc2 0-0 11. Be3 Re8 12. Nbd2 d5 13. a4 h6 14. axb5 axb5 15. Rxa8 Qxa8 16. Qa1 Bd6 17. Nh4 d4 18. cxd4 exd4 19. Bxh6 gxh6 20. Nf5 Bf4 21. Qc1 Qa5 22. Nb3 Bxc1 23. Nxa5 Bd2 0-1

[Event "Oslo Sveins op 7th"]
[Site "Oslo"]
[Date "2014.06.20"]
[Round "6"]
[White "Hertz, Matthew F"]
[Black "Heublum, Harry A"]
[Result "1/2-1/2"]
[WhiteElo "1561"]
[BlackElo "1966"]
[PlyCount "42"]
[EventDate "2014.06.20"]
[EventType "swiss"]
[EventRounds "9"]
[EventCountry "NOR"]
[SourceTitle "EXT 2015"]
[Source "ChessBase"]
[SourceDate "2014.11.20"]
[SourceVersion "1"]
[SourceVersionDate "2014.11.20"]
[SourceQuality "1"]

1. a3 Nf6 2. d4 g6 3. c3 Bg7 4. Nd2 0-0 5. e3 d6 6. Bd3 e5 7. Ne2 b6 8. Qc2 Bb7 9. 0-0 a6 10. b4 Re8 11. Bb2 Nbd7 12. Rac1 b5 13. e4 Nb6 14. f3 Bh6 15. Rcd1 Nh5 16. Bc1 Nf4 17. Nxf4 Bxf4 18. Rfe1 Qg5 19. Nf1 Bxc1 20. Qxc1 Qf6 21. d5 c6 1/2-1/2